000 01310nam a2200361 i 4500
003 EG-GICUC
005 20260121101451.0
008 251211s1978 ua |||fr|||| 000 0 ara d
017 _a78/4223
040 _a EG-GICUC
_bara
_c EG-GICUC
_d EG-GICUC
_erda
041 _aara
082 0 4 _221
_a343.6
_bح س . و
092 0 4 _221
099 _aLaw1 10 343.6 ح س . و 1978
100 0 _aحسنين ابراهيم صالح عبيد
_eمؤلف.
245 1 2 _aالوجيز في علم الإجرام وعلم العقاب /
_cحسنين ابراهيم صالح عبيد.
264 1 _aالقاهرة :
_bدار النهضة العربية,
_c1978.
300 _a338 صفحة ؛
_c24 سم
336 _2rda content
_atext
337 _2rda media
_aComputer
338 _2rda carrier
_aOnline Resource
504 _a. 240-220 ببليوجرافيا: صفحات.
546 _aالنص باللغة العربية
650 1 4 _aعلم الإجرام
_2qrmak
650 1 4 _aعلم العقاب
_2qrmak
650 1 4 _aأغراض العقاب
_2qrmak
650 1 4 _aماهية العوامل الإجرامية
_2qrmak
651 1 _2qrmak
653 1 0 _aالجرائم السياسية
856 4 0 _uhttps://fll.law.cu.edu.eg/fulltext/bks/B10-07152.pdf
905 _a79
_eHassnaa
942 _2ddc
_cBK
_e21
_n0
999 _c49797
_d49797